The Most Pointless Players in the Premier League - Statistics

General Stats
  • This quiz has been taken 276 times
  • The average score is 7 of 48
Answer Stats
Hint Answer % Correct
Danish FW from Denmark playing for Arsenal Nicklas Bendtner
93%
Spurs Big Togo FW Emanuel Adebayor
34%
The ex-liverpool £35 million mistake now a West Ham Andy Carroll
33%
Man Uniteds italian FW Federico Macheda
33%
Portugese GK who has plays for Chelsea....still Hilario
32%
Morocco FW playing for Palace Marouane Chamakh
32%
Man. Utd.'s Danish GK Anders Lindegaard
30%
Australia GK and liverpool player Brad Jones
29%
Uruguay DF and Liverpool player with a scottish last name Sebastian Coates
29%
Ghanian MF for Arsenal Emanuel Frimpong
28%
Italian FW for Sunderland on-loan from Liverpool Fabio Borini
28%
Italian GK for Sunderland Vito Mannone
23%
Man. Citys Belgian DF Dedryck Boyata
18%
Man. Citys English GK Richard Wright
18%
Swansea's German GK Gerhard Tremmel
16%
English DF playing for liverpool Jon Flanagan
15%
Paraguayan DF playing for Eveton Antolin Alcaraz
14%
Southamptons Argentine GK Paulo Gazzaniga
14%
Man Uniteds Uruguay DF Guillermo Varela
13%
42 Caps for the Philipines and a GK for Fulham Neil Etheridge
13%
West Hams overrated left wing Stewart Downing
13%
Norwich's swedish FW Johan Elmander
12%
Newcastles english GK Rob Elliot
12%
Was released got fat and resigned this summer for West Ham Carlton Cole
11%
Newcastles MF from Burundi Gael Bigirimana
11%
Ex-Rangers USA MF now playing for Stoke Maurice Edu
9%
^ welsh DF but homegrown Paul Dummett
8%
Irish DF that plays for Everton Shane Duffy
8%
English MF who spent some time in france before West Ham Joe Cole
7%
Swansea's Northern Irish Ex-Cliftonville FW Ruaridhri Rory Donnelly
7%
The same teams as aboves australian DF Curtis Good
6%
FW from Benin who plays for Cardiff Rudy Gestede
6%
Spurs were accused of "blatant manipulation" of the rules for the signing of this DF Zeki Fryers
5%
Cape Verde and Sunderland MF Cabral
4%
Spurs young spanish FW Cristian Ceballos
4%
^ slovenian MF Haris Vuckic
4%
West Broms Swedish FW Markus Rosenberg
4%
Slowly turning into a league 2 FW but 'tearing' it up for Hull.. Danny Graham
3%
Swedish FW playing for Sunderland David Moberg-Karlsson
3%
Sothampton's Japanese FW Tadanari Lee
3%
West Ham French MF Alou Diarra
2%
Some Slovenian FW who apparently plays for Cardiff Etien Velikonja
2%
English FW for Villa Jordan Bowery
2%
West Broms Northern Irish GK Lee Camp
2%
Swansea's slovenian GK Gregor Zabret
1%
Ex-Rangers Scottish MF now playing for Stoke Jamie Ness
1%
Fulhams portugese MF Mesca
1%
Antigua and Barbuda and Hull FW Calaum Jahraldo-Martin
0%
No matching quizzes found
Score Distribution
Percent of People with Each Score
Percentile by Number Answered
Your Score History
You have not taken this quiz